Health spaces
| Format: | Book |
|---|---|
| Published: |
Melbourne :
The Images Publishers ,
2000
|
| Subjects: |
MARC
| LEADER | 00000cam a2200000 7i4500 | ||
|---|---|---|---|
| 001 | 0000016917 | ||
| 005 | 20080502.0 | ||
| 008 | 020508 | ||
| 020 | |a 1864700351 | ||
| 090 | 0 | 0 | |a 747.8 |b HEA |
| 245 | 1 | 0 | |a Health spaces |
| 260 | |a Melbourne : |b The Images Publishers , |c 2000 | ||
| 650 | 0 | |a Architacture | |
| 650 | 0 | |a Interior decoration | |
| 999 | |a 0001013635 |b Book |c REFERENCE |e Perbadanan Perpustakaan Awam Johor | ||